| 000 | 01041nam0a22002531 4500 | ||
|---|---|---|---|
| 001 | rc\2720191 | ||
| 005 | 20110915164032.4 | ||
| 035 | _a(NLR Aleph) 006847912 | ||
| 090 |
_a6715061 _c6715061 |
||
| 100 | _a20110915d1938 |||y0rusy50 ca | ||
| 101 | 0 | _arus | |
| 102 | _aRU | ||
| 105 | _aa z ||||| | ||
| 200 | 1 |
_aПрактикум по лаборатории испытания материалов _fИнж. И. Г. Рубинштейн _gПод ред. М. Э. Бермана _gВоен. акад. хим. защиты РККА им. К. Е. Ворошилова |
|
| 210 |
_aМосква _aЛенинград _cТип.-лит. ВА хим. защиты РККА им. К. Е. Ворошилова _d1938 |
||
| 215 |
_a79 с., 2 л. черт. _cил. _d24 см. |
||
| 300 | _aИзд. литогр. | ||
| 700 | 1 |
_aРубинштейн _bИ. Г. _f1895- _gИлья Григорьевич |
|
| 702 | 1 |
_aБерман _bМ. Э. _4340 |
|
| 801 | 0 |
_aRU _bNLR _gpsbo |
|
| 801 | 1 |
_aRU _bELAR _2rusmarc |
|
| 852 |
_aNLR _j38-12/632 |
||
| 942 | _cBOOK | ||
| 980 | _aNB | ||